| 000 | 08111nam a22006737a 4500 | ||
|---|---|---|---|
| 005 | 20080922101333.0 | ||
| 008 | 080922t xxu||||| |||| 00| 0 eng d | ||
| 010 | _aB-347498-533 | ||
| 020 | _c575.00 | ||
| 035 | _aB-347498-533 | ||
| 037 | _bVee Kumar Publications | ||
| 040 |
_adpl _bEnglish |
||
| 082 | _a000 | ||
| 100 | _a Yadav, M. S. | ||
| 245 |
_aKumar's super guide AIEEE (All India Engineering Entrance Examination) for B.E./ B.Tech conforming to the syiiabus of CBSE / _cby M.S. Yadav, R.K. Mohanty [and] P.K. Gupta |
||
| 260 |
_aNew Delhi _bVee Kumar Publications _c2010 |
||
| 270 |
_a507, Vikram Tower, Rajendra Place _bNew Delhi _e110008 _k25720718, 25760718 _l25711718 _mkumarpublications@rediffmail.com |
||
| 300 |
_aVarious pagings _c27cm. (pbk) |
||
| 700 | _aMohanty, R.K. | ||
| 700 | _aGupta, P.K. | ||
| 942 |
_2ddc _cEN _mYAD _h000 |
||
| 999 |
_c24143 _d24143 |
||